Calidad y auditora̕ en salud

Detalles Bibliográficos
Autor principal: ℓlvarez Heredia, Francisco
Formato: eBook
Lenguaje:español
Publicado: Bogot:̀ ECOE, 2015
Edición:Tercera edicin̤
Materias:
Acceso en línea:Acceso restringido

MARC

LEADER 00000nam a22000007a 4500
005 20220412223616.0
007 cr|||| ||||
008 220412s2015 co |||||s|||| 00||0 spa d
020 |a 978-958-771-144-8 
035 |a 35824 
040 |a vLex 
090 |c 13175  |d 13175 
100 1 |a ℓlvarez Heredia, Francisco 
245 1 0 |a Calidad y auditora̕ en salud  |h [Recurso electrn̤ico] /  |c Francisco ℓlvarez Heredia 
250 |a Tercera edicin̤ 
256 |a Servicio en ln̕ea 
260 |a Bogot:̀  |b ECOE,  |c 2015 
300 |a 1 recurso electrn̤ico 
506 1 |a Disponible solo en los productos indicados  |d vLex Global  |d vLex Global (Academic Edition, excluding Law Schools)  |d vLex Global (U.S. Academic Edition, Law Schools)  |d vLex Global (U.S. Academic Edition, excluding Law Schools)  |d vLex Global (Academic Edition, Law Schools) 
650 0 4 |a Derecho Pb︢lico y Administrativo  |z Colombia 
740 0 |a vLex Libros (Servicio en ln̕ea) 
856 4 0 |u https://app.vlex.com/#/sources/35824  |z Acceso restringido 
942 |c BOOK 
999 0 |a Public and Administrative Law